[Event "Sabadell op 1st"]
[Site "Sabadell"]
[Date "2008.07.15"]
[Round "3"]
[White "Kovchan, Alexander"]
[Black "Manole, Vasile"]
[Result "1/2-1/2"]
[WhiteElo "2520"]
[BlackElo "2378"]
[PlyCount "136"]
[EventDate "2008.07.13"]
[EventType "swiss"]
[EventRounds "9"]
[EventCountry "ESP"]
[SourceTitle "EXT 2009"]
[Source "ChessBase"]
[SourceDate "2008.11.26"]
[SourceVersion "1"]
[SourceVersionDate "2008.11.26"]
[SourceQuality "1"]

1. e4 e6 2. d4 d5 3. Nc3 Nf6 4. e5 Nfd7 5. f4 c5 6. Nf3 Nc6 7. Be3 a6 8. Qd2 b5 9. a3 Bb7 10. Ne2 Be7 11. g3 Qa5 12. Qxa5 Nxa5 13. dxc5 Nc4 14. Bd4 Nxc5 15. b3 Nb6 16. Nc3 Rc8 17. Nd1 Nbd7 18. Ne3 g6 19. Bg2 Ne4 20. Nd2 Bc5 21. Bxc5 Ndxc5 22. Bxe4 dxe4 23. a4 b4 24. Ndc4 Ke7 25. 0-0-0 Rhd8 26. Kb2 Rxd1 27. Rxd1 Bc6 28. Nd6 Rc7 29. Ng4 a5 30. Nf6 h5 31. h4 Bd5 32. Rxd5 exd5 33. Nxd5+ Kd7 34. Nxc7 Kxc7 35. Nc4 Kd7 36. Nxa5 e3 37. Kc1 Ne4 38. Kd1 Nxg3 39. Nc4 Nf5 40. Ke2 Kc6 41. Nxe3 Nxh4 42. Kf2 Kc5 43. Kg3 g5 44. fxg5 Ng6 45. Nc4 Kc6 46. a5 Kb5 47. Kf3 Ka6 48. Ke4 h4 49. Kf3 h3 50. Kg3 Nf4 51. Kh2 Kb5 52. Nd6+ Kxa5 53. Nxf7 Kb6 54. Nh8 Kc6 55. g6 Ne6 56. Nf7 Kd5 57. Ng5 Ng7 58. e6 Ke5 59. Kxh3 Kf6 60. Kg4 Kxg6 61. Ne4 Nxe6 62. c3 bxc3 63. Nxc3 Kf6 64. b4 Ke5 65. b5 Kd6 66. Na4 Nc7 67. b6 Kc6 68. bxc7 Kxc7 1/2-1/2

[Event "Donau op 16th"]
[Site "Aschach"]
[Date "2007.12.30"]
[Round "6"]
[White "Manole, Vasile"]
[Black "Dumancic, Pero"]
[Result "1-0"]
[WhiteElo "2380"]
[BlackElo "2175"]
[PlyCount "35"]
[EventDate "2007.12.26"]
[EventType "swiss"]
[EventRounds "7"]
[EventCountry "AUT"]
[SourceTitle "CBM 122 Extra"]
[Source "ChessBase"]
[SourceDate "2008.03.04"]
[SourceVersion "1"]
[SourceVersionDate "2008.03.04"]
[SourceQuality "1"]

1. e4 e6 2. d4 d5 3. Nc3 dxe4 4. Nxe4 Nf6 5. Nxf6+ Qxf6 6. Nf3 h6 7. Bd3 Bd6 8. 0-0 0-0 9. Qe2 Nd7 10. Qe4 Re8 11. Qh7+ Kf8 12. Bd2 Ke7 13. Rfe1 c6 14. Qe4 Rb8 15. Ne5 Kf8 16. Re3 Qd8 17. Nxf7 Nf6 18. Qg6 1-0

[Event "Donau op 16th"]
[Site "Aschach"]
[Date "2007.12.29"]
[Round "5"]
[White "Horvath, Jozsef"]
[Black "Manole, Vasile"]
[Result "1-0"]
[WhiteElo "2519"]
[BlackElo "2380"]
[PlyCount "67"]
[EventDate "2007.12.26"]
[EventType "swiss"]
[EventRounds "7"]
[EventCountry "AUT"]
[SourceTitle "CBM 122 Extra"]
[Source "ChessBase"]
[SourceDate "2008.03.04"]
[SourceVersion "1"]
[SourceVersionDate "2008.03.04"]
[SourceQuality "1"]

1. d4 Nf6 2. Nf3 d5 3. c4 e6 4. Nc3 Be7 5. g3 0-0 6. Bg2 Nbd7 7. Qd3 c6 8. 0-0 b6 9. Rd1 Ba6 10. b3 Rc8 11. e4 c5 12. exd5 exd5 13. Nb5 dxc4 14. bxc4 Bxb5 15. cxb5 c4 16. Qf5 g6 17. Qc2 Qc7 18. d5 Bd6 19. Nd4 Ne5 20. Nc6 Nxc6 21. dxc6 Rcd8 22. Bb2 Ng4 23. Qxc4 h5 24. Bh3 Ne5 25. Qc3 f6 26. Rd5 Bc5 27. Rad1 Rxd5 28. Rxd5 Qe7 29. Kg2 g5 30. Bf5 g4 31. Qe1 Re8 32. Bxe5 fxe5 33. Qe4 Rf8 34. Rxe5 1-0

[Event "ROM-chT div-A"]
[Site "Predeal"]
[Date "2006.11.06"]
[Round "3"]
[White "Manole, Vasile"]
[Black "Jianu, Vlad Cristian"]
[Result "1/2-1/2"]
[WhiteElo "2387"]
[BlackElo "2502"]
[PlyCount "94"]
[EventDate "2006.11.04"]
[EventType "team"]
[EventRounds "9"]
[EventCountry "ROU"]
[SourceTitle "EXT 2007"]
[Source "ChessBase"]
[SourceDate "2006.11.23"]
[SourceVersion "1"]
[SourceVersionDate "2006.11.23"]
[SourceQuality "1"]

1. e4 c5 2. Nc3 Nc6 3. Bb5 Nd4 4. Bc4 g6 5. Nf3 Bg7 6. Nxd4 cxd4 7. Qf3 Nh6 8. Ne2 0-0 9. d3 Ng4 10. Bb3 Ne5 11. Qg3 Nc6 12. h4 Na5 13. h5 Nxb3 14. axb3 e5 15. Bg5 Qb6 16. Qh4 f5 17. hxg6 Qxg6 18. exf5 Rxf5 19. f4 exf4 20. Bxf4 d6 21. g4 Rf7 22. Ra5 Bf6 23. g5 Be7 24. Qg3 Bf8 25. Rd5 Be6 26. Rxd4 Re8 27. Bxd6 Bg7 28. Re4 Rd8 29. Nf4 Rxf4 30. Bxf4 Bd5 31. 0-0 Bxe4 32. dxe4 Qxe4 33. Qg2 Qd4+ 34. Kh1 Rf8 35. Bg3 Rxf1+ 36. Qxf1 Qd5+ 37. Qg2 Qxg5 38. Be1 Qh5+ 39. Kg1 Qd1 40. Kf1 h6 41. Qe4 Qd7 42. Bc3 Bxc3 43. bxc3 Qd1+ 44. Kf2 Qd2+ 45. Kf1 Qxc3 46. Qxb7 Qxc2 47. Qb8+ Kg7 1/2-1/2

[Event "ROM-chT div-A"]
[Site "Predeal"]
[Date "2006.11.05"]
[Round "2"]
[White "Cioara, Andrei Nestor"]
[Black "Manole, Vasile"]
[Result "1-0"]
[WhiteElo "2419"]
[BlackElo "2387"]
[PlyCount "63"]
[EventDate "2006.11.04"]
[EventType "team"]
[EventRounds "9"]
[EventCountry "ROU"]
[SourceTitle "EXT 2007"]
[Source "ChessBase"]
[SourceDate "2006.11.23"]
[SourceVersion "1"]
[SourceVersionDate "2006.11.23"]
[SourceQuality "1"]

1. e4 e6 2. d4 d5 3. Nd2 Nf6 4. e5 Nfd7 5. f4 c5 6. c3 Nc6 7. Ndf3 cxd4 8. cxd4 f5 9. Bd3 Be7 10. Ne2 Nb6 11. 0-0 Bd7 12. a3 a5 13. h3 a4 14. g4 Na5 15. Ng3 0-0 16. Rb1 Rc8 17. gxf5 exf5 18. e6 Be8 19. Nxf5 Nb3 20. Qe2 Bg6 21. N3h4 Nxd4 22. Nxd4 Bxh4 23. f5 Be8 24. Kh1 Bf6 25. Bd2 Bc6 26. Ba5 Bxd4 27. e7 Qe8 28. exf8Q+ Qxf8 29. f6 Bxf6 30. Qe6+ Kh8 31. Bxb6 d4+ 32. Kg1 1-0

[Event "ROM-chT div-A"]
[Site "Predeal"]
[Date "2006.11.04"]
[Round "1"]
[White "Manole, Vasile"]
[Black "Badea, Bela"]
[Result "1-0"]
[WhiteElo "2387"]
[BlackElo "2508"]
[PlyCount "85"]
[EventDate "2006.11.04"]
[EventType "team"]
[EventRounds "9"]
[EventCountry "ROU"]
[SourceTitle "EXT 2007"]
[Source "ChessBase"]
[SourceDate "2006.11.23"]
[SourceVersion "1"]
[SourceVersionDate "2006.11.23"]
[SourceQuality "1"]

1. e4 d6 2. d4 Nf6 3. Nc3 e5 4. dxe5 dxe5 5. Qxd8+ Kxd8 6. Bc4 Ke8 7. Nf3 Bd6 8. Bg5 Nbd7 9. 0-0-0 a6 10. a4 Rb8 11. Rhe1 h6 12. Bd2 Bc5 13. Re2 b6 14. Nd5 Bd6 15. b4 b5 16. axb5 axb5 17. Bb3 Nxd5 18. Bxd5 Nb6 19. Bc3 Nxd5 20. exd5 f6 21. Nd4 Kf7 22. Nc6 Ra8 23. Kb2 Bd7 24. Na5 g5 25. Kb3 h5 26. h3 Rab8 27. Bd2 Kg6 28. Be3 f5 29. Bc5 e4 30. Bxd6 cxd6 31. c4 bxc4+ 32. Nxc4 Bb5 33. Re3 Ra8 34. Rd4 Rhd8 35. f3 Kf6 36. g4 Ba4+ 37. Kb2 Bd1 38. Rxd1 hxg4 39. hxg4 exf3 40. Rxf3 f4 41. Rh3 Re8 42. Rdh1 Re2+ 43. Kc3 1-0

[Event "St Veit op 25th"]
[Site "St Veit"]
[Date "2006.07.14"]
[Round "7"]
[White "Manole, Vasile"]
[Black "Praznik, Niko"]
[Result "1/2-1/2"]
[WhiteElo "2383"]
[BlackElo "2356"]
[PlyCount "35"]
[EventDate "2006.07.08"]
[EventType "swiss"]
[EventRounds "9"]
[EventCountry "AUT"]
[SourceTitle "CBM 113 Extra"]
[Source "ChessBase"]
[SourceDate "2006.09.14"]
[SourceVersion "1"]
[SourceVersionDate "2006.09.14"]
[SourceQuality "1"]

1. b3 e5 2. Bb2 d6 3. e3 g6 4. d4 Bg7 5. dxe5 Bxe5 6. Bxe5 dxe5 7. Qxd8+ Kxd8 8. Nc3 c6 9. 0-0-0+ Ke7 10. Nf3 f6 11. Bc4 Nh6 12. a4 Nd7 13. a5 Nc5 14. b4 Be6 15. Nd2 Bxc4 16. Nxc4 Ne6 17. Kb2 Rhd8 18. Kb3 1/2-1/2

[Event "St Veit op 25th"]
[Site "St Veit"]
[Date "2006.07.08"]
[Round "1"]
[White "Manole, Vasile"]
[Black "Melcher, Jakob"]
[Result "1-0"]
[WhiteElo "2383"]
[BlackElo "1948"]
[PlyCount "70"]
[EventDate "2006.07.08"]
[EventType "swiss"]
[EventRounds "9"]
[EventCountry "AUT"]
[SourceTitle "CBM 113 Extra"]
[Source "ChessBase"]
[SourceDate "2006.09.14"]
[SourceVersion "1"]
[SourceVersionDate "2006.09.14"]
[SourceQuality "1"]

1. e4 c5 2. Nc3 Nc6 3. f4 d6 4. Nf3 Bg4 5. Bb5 Rc8 6. 0-0 e6 7. h3 Bxf3 8. Qxf3 a6 9. Bxc6+ Rxc6 10. d3 Nf6 11. f5 Be7 12. Qg3 0-0 13. Bh6 Ne8 14. fxe6 fxe6 15. Qg4 Qc8 16. Rxf8+ Bxf8 17. Rf1 Rc7 18. Qf4 Nf6 19. Bg5 Rf7 20. e5 dxe5 21. Qxe5 Ne8 22. Ne4 Rxf1+ 23. Kxf1 b6 24. Ke2 b5 25. c4 Qc6 26. b3 h6 27. Bh4 Nc7 28. Bf2 bxc4 29. bxc4 Be7 30. Bxc5 Bxc5 31. Qxc5 Qxc5 32. Nxc5 Kf7 33. Ke3 Ke7 34. Kd4 Kd6 35. Ne4+ Ke7 1-0

[Event "ROM-chT"]
[Site "Baile Tusnad"]
[Date "2005.05.27"]
[Round "7"]
[White "Vajda, Albert"]
[Black "Manole, Vasile"]
[Result "0-1"]
[WhiteElo "2442"]
[BlackElo "2372"]
[PlyCount "56"]
[EventDate "2005.05.21"]
[EventType "team"]
[EventRounds "9"]
[EventCountry "ROU"]
[SourceTitle "CBM 106 Extra"]
[Source "ChessBase"]
[SourceDate "2005.07.01"]
[SourceVersion "1"]
[SourceVersionDate "2005.07.01"]
[SourceQuality "1"]

1. e4 e6 2. d3 d5 3. Nd2 c5 4. Ngf3 Nc6 5. g3 Bd6 6. Bg2 Nge7 7. 0-0 0-0 8. Re1 Qc7 9. c3 Bd7 10. Qe2 f6 11. a3 a5 12. Qf1 a4 13. Kh1 b5 14. exd5 exd5 15. Ng1 b4 16. Ndf3 bxc3 17. bxc3 Rab8 18. Bh3 Rb3 19. Bd2 d4 20. c4 Ng6 21. Reb1 Rfb8 22. Rxb3 Rxb3 23. Ne1 Nce5 24. Bxd7 Qxd7 25. f4 Qf5 26. Qe2 Nxd3 27. Ngf3 Qe4 28. Qg2 Ne7 0-1

[Event "Montecatini Terme op 10th"]
[Site "Montecatini Terme"]
[Date "2004.12.27"]
[Round "1"]
[White "Manole, Vasile"]
[Black "Choque Paredes, Jose Carlos"]
[Result "1-0"]
[WhiteElo "2370"]
[BlackElo "1977"]
[PlyCount "51"]
[EventDate "2004.12.27"]
[EventType "swiss"]
[EventRounds "7"]
[EventCountry "ITA"]
[SourceTitle "CBM 104 Extra"]
[Source "ChessBase"]
[SourceDate "2005.03.01"]
[SourceVersion "1"]
[SourceVersionDate "2005.03.01"]
[SourceQuality "1"]

1. e4 c5 2. Nc3 Nc6 3. f4 e6 4. Nf3 d5 5. Bb5 a6 6. Bxc6+ bxc6 7. d3 Be7 8. 0-0 Nf6 9. e5 Nd7 10. Na4 a5 11. c4 Ba6 12. b3 f5 13. exf6 Bxf6 14. Rb1 0-0 15. Be3 d4 16. Bd2 Qc7 17. Qe2 Rfe8 18. Rbe1 Bc8 19. Qf2 Qd6 20. Qg3 Ra7 21. Re2 e5 22. Rfe1 h5 23. fxe5 Nxe5 24. Nxe5 Rae7 25. Ng6 Qxg3 26. Nxe7+ 1-0

[Event "Andorra op 22nd"]
[Site "Andorra"]
[Date "2004.07.08"]
[Round "6"]
[White "Manole, Vasile"]
[Black "Maze, Sebastien"]
[Result "0-1"]
[WhiteElo "2392"]
[BlackElo "2497"]
[PlyCount "100"]
[EventDate "2004.07.03"]
[EventType "swiss"]
[EventRounds "9"]
[EventCountry "AND"]
[SourceTitle "CBM 101 Extra"]
[Source "ChessBase"]
[SourceDate "2004.09.01"]
[SourceVersion "2"]
[SourceVersionDate "2004.09.01"]
[SourceQuality "1"]

1. e4 e5 2. Nf3 d6 3. d4 exd4 4. Qxd4 a6 5. Bg5 Nc6 6. Qd2 Be7 7. h4 h6 8. Bf4 Bg4 9. Nc3 Nf6 10. 0-0-0 Qc8 11. Re1 Qd7 12. Nd4 0-0-0 13. f3 Nxd4 14. Qxd4 c5 15. Qd2 Be6 16. Rd1 Qc6 17. Nd5 Bxd5 18. exd5 Qa4 19. Kb1 Nh5 20. g3 Nxf4 21. Qxf4 Qxf4 22. gxf4 h5 23. a4 Bf6 24. Bd3 Kc7 25. c3 Rb8 26. Kc2 b5 27. axb5 axb5 28. Ra1 Kb6 29. f5 c4 30. Be4 Ra8 31. Rxa8 Rxa8 32. f4 b4 33. Bf3 bxc3 34. bxc3 Ra3 35. Bxh5 Rxc3+ 36. Kb1 Rb3+ 37. Kc1 Rb2 38. Bxf7 c3 39. Bh5 Kc5 40. Bd1 Rf2 41. h5 Bd4 42. Rh3 Kxd5 43. Rf3 Rh2 44. Rg3 Kc4 45. Kb1 d5 46. Kc1 Bc5 47. Rxg7 d4 48. Rc7 d3 49. f6 Rb2 50. Ba4 Ra2 0-1

[Event "ROM-ch"]
[Site "Satu Mare"]
[Date "2003.09.02"]
[Round "1.2"]
[White "Manole, Vasile"]
[Black "Vajda, Albert"]
[Result "1-0"]
[WhiteElo "2339"]
[BlackElo "2447"]
[PlyCount "105"]
[EventDate "2003.09.01"]
[EventType "k.o."]
[EventRounds "5"]
[EventCountry "ROU"]
[SourceTitle "CBM 096 Extra"]
[Source "ChessBase"]
[SourceDate "2003.10.22"]
[SourceVersion "2"]
[SourceVersionDate "2003.10.20"]
[SourceQuality "1"]

1. e4 c6 2. d4 d5 3. e5 Bf5 4. Nf3 e6 5. Be2 h6 6. 0-0 Ne7 7. Be3 Nc8 8. Nbd2 Nd7 9. c3 Qb6 10. b4 a5 11. a3 Be7 12. c4 0-0 13. c5 Qc7 14. Nb3 axb4 15. axb4 Na7 16. Qd2 b6 17. Ra6 Rfb8 18. Rfa1 Rb7 19. Qa2 bxc5 20. bxc5 Qb8 21. Nfd2 Bg5 22. f4 Bd8 23. Qa3 h5 24. Na5 Bxa5 25. Qxa5 Qc8 26. Qa3 Bg6 27. h3 Nf8 28. Rb6 Rc7 29. Nb3 Qd7 30. Ra6 h4 31. Bd2 Rb8 32. Ba5 Rcc8 33. Bb6 Nb5 34. Bxb5 cxb5 35. Ra7 Qc6 36. Qa6 Be4 37. Ba5 Qe8 38. Bc7 Rxc7 39. Rxc7 Ng6 40. Rf1 b4 41. Rf2 Ra8 42. Qb6 Rb8 43. Qc6 Qd8 44. Qd7 Qf8 45. Qd6 Qe8 46. c6 Bd3 47. Rb7 Rd8 48. c7 Rc8 49. Rxb4 Bb5 50. Nc5 Ne7 51. Rxb5 Qxb5 52. Qxe7 Qa5 53. Nxe6 1-0

[Event "ROM-chT"]
[Site "Romania"]
[Date "2002.??.??"]
[Round "4"]
[White "Grunberg, Mihai Lucian"]
[Black "Manole, Vasile"]
[Result "1/2-1/2"]
[WhiteElo "2463"]
[BlackElo "2343"]
[PlyCount "104"]
[EventDate "2002.??.??"]
[EventType "team"]
[EventRounds "5"]
[EventCountry "ROU"]
[SourceTitle "EXT 2008"]
[Source "ChessBase"]
[SourceDate "2007.11.25"]
[SourceVersion "1"]
[SourceVersionDate "2007.11.25"]
[SourceQuality "1"]

1. f4 f5 2. b3 b6 3. Bb2 Nf6 4. Nf3 e6 5. g3 Be7 6. Bg2 Bb7 7. 0-0 0-0 8. c4 c5 9. e3 d5 10. Ne5 Nbd7 11. Nc3 Nxe5 12. fxe5 Ne4 13. cxd5 Nxc3 14. dxc3 Bxd5 15. Bxd5 Qxd5 16. Qxd5 exd5 17. Rad1 Rad8 18. c4 dxc4 19. bxc4 Rxd1 20. Rxd1 Rd8 21. Rd5 Kf7 22. e6+ Kxe6 23. Rxd8 Bxd8 24. Bxg7 b5 25. cxb5 Kd5 26. Kf2 Kc4 27. Kf3 Bc7 28. e4 fxe4+ 29. Kxe4 Kxb5 30. Kd5 Ba5 31. g4 c4 32. h4 Be1 33. h5 Bd2 34. Kd4 Bg5 35. Kc3 a6 36. Bd4 a5 37. Kc2 a4 38. Kc3 Bh4 39. Be3 Bf6+ 40. Kc2 Kc6 41. g5 Be5 42. g6 hxg6 43. hxg6 Bg7 44. Bd2 Kb5 45. Bc3 Bh6 46. Bf6 Kb4 47. Be7+ Kb5 48. a3 Bg7 49. Bb4 Kc6 50. Bc3 Bf8 51. Bd4 Kd5 52. Kc3 Ke6 1/2-1/2

[Event "Patras op 3rd"]
[Site "Patras"]
[Date "2001.07.23"]
[Round "6"]
[White "Genov, Petar"]
[Black "Manole, Vasile"]
[Result "1-0"]
[WhiteElo "2473"]
[BlackElo "2340"]
[PlyCount "71"]
[EventDate "2001.07.18"]
[EventType "swiss"]
[EventRounds "9"]
[EventCountry "GRE"]
[SourceTitle "CBM 083 Extra"]
[Source "ChessBase"]
[SourceDate "2001.09.11"]
[SourceVersion "1"]
[SourceVersionDate "2001.09.11"]
[SourceQuality "1"]

1. d4 d5 2. c4 e6 3. Nc3 Nf6 4. cxd5 exd5 5. Bg5 Be7 6. e3 0-0 7. Bd3 Nbd7 8. Nf3 Re8 9. Qc2 Nf8 10. h3 Be6 11. 0-0-0 a6 12. Kb1 Rc8 13. Na4 N6d7 14. Bxe7 Qxe7 15. Qd2 b5 16. Nc3 c5 17. dxc5 Nxc5 18. Nd4 Nfd7 19. Nf5 Qf8 20. Bc2 b4 21. Nxd5 b3 22. axb3 Nxb3 23. Qd3 g6 24. Nd6 Nbc5 25. Qa3 Kg7 26. Nf4 Rb8 27. Nxe8+ Qxe8 28. Nxe6+ Qxe6 29. Qc3+ f6 30. Rd4 Qb6 31. Rhd1 Rb7 32. Rd6 Qb5 33. g4 Kf7 34. f4 Ne6 35. Bb3 Ndf8 36. Bc4 1-0

[Event "Patras op 3rd"]
[Site "Patras"]
[Date "2001.07.22"]
[Round "5"]
[White "Manole, Vasile"]
[Black "Blaho, Stefan"]
[Result "1-0"]
[WhiteElo "2340"]
[BlackElo "2158"]
[PlyCount "133"]
[EventDate "2001.07.18"]
[EventType "swiss"]
[EventRounds "9"]
[EventCountry "GRE"]
[SourceTitle "CBM 083 Extra"]
[Source "ChessBase"]
[SourceDate "2001.09.11"]
[SourceVersion "1"]
[SourceVersionDate "2001.09.11"]
[SourceQuality "1"]

1. e4 c5 2. Nc3 d6 3. f4 Nc6 4. Nf3 g6 5. Bc4 Bg7 6. 0-0 e6 7. d3 Nge7 8. Qe1 Nd4 9. Nxd4 cxd4 10. Ne2 Bd7 11. a4 0-0 12. Bb3 Kh8 13. Bd2 f5 14. Kh1 Nc6 15. a5 Qe7 16. c3 Rae8 17. Qg3 Bf6 18. Qf3 Qg7 19. exf5 gxf5 20. a6 b6 21. Ba4 Rc8 22. c4 Rg8 23. Rg1 Qg4 24. Rgf1 h5 25. Ng1 Rg7 26. Rae1 Bh4 27. Re2 Bf6 28. b4 Kg8 29. Nh3 Qxf3 30. Rxf3 Kf7 31. Kg1 Rc7 32. Kf1 Bc8 33. Ng1 Nb8 34. Rh3 Rh7 35. b5 Nd7 36. Bd1 Nc5 37. Bb4 e5 38. Re1 h4 39. Bxc5 bxc5 40. Bf3 Be6 41. Rc1 Rh8 42. Bb7 Ke7 43. Rf3 Bc8 44. Bxc8 Rcxc8 45. fxe5 Bxe5 46. Rxf5 Rhf8 47. Rxf8 Rxf8+ 48. Ke2 Bxh2 49. Nf3 Bg3 50. Rf1 Rg8 51. Nd2 Be5 52. Rf2 Bg3 53. Rf3 Be5 54. Kf1 Rg7 55. Ne4 Ke6 56. Rf8 Ke7 57. Rb8 Ke6 58. Rb7 Rg4 59. Rxa7 Bg3 60. Rh7 Rf4+ 61. Ke2 d5 62. Rh6+ Kf7 63. cxd5 c4 64. Rf6+ Rxf6 65. Nxf6 c3 66. Ne4 Bf4 67. Kd1 1-0

[Event "Patras op 3rd"]
[Site "Patras"]
[Date "2001.07.20"]
[Round "3"]
[White "Manole, Vasile"]
[Black "Miladinovic, Igor"]
[Result "0-1"]
[WhiteElo "2340"]
[BlackElo "2496"]
[PlyCount "70"]
[EventDate "2001.07.18"]
[EventType "swiss"]
[EventRounds "9"]
[EventCountry "GRE"]
[SourceTitle "CBM 083 Extra"]
[Source "ChessBase"]
[SourceDate "2001.09.11"]
[SourceVersion "1"]
[SourceVersionDate "2001.09.11"]
[SourceQuality "1"]

1. e4 c5 2. Nc3 Nc6 3. f4 e6 4. Nf3 a6 5. g3 d5 6. d3 b5 7. Bg2 d4 8. Ne2 Bb7 9. g4 c4 10. 0-0 Bc5 11. Ng3 Nf6 12. h3 Qe7 13. a4 bxa4 14. Rxa4 Nd7 15. f5 Nb6 16. Ra1 f6 17. fxe6 Qxe6 18. Nf5 0-0 19. g5 Ne5 20. gxf6 Nxf3+ 21. Qxf3 Rxf6 22. Nxg7 Kxg7 23. Qxf6+ Qxf6 24. Rxf6 Kxf6 25. e5+ Kxe5 26. Bxb7 Ra7 27. Bf3 Bb4 28. Bh6 a5 29. Kf2 a4 30. dxc4 Nxc4 31. b3 axb3 32. Rxa7 b2 33. Bg7+ Kf5 34. Bg4+ Kg6 35. Bxd4 b1Q 0-1

[Event "ROM-ch sf"]
[Site "Sovata"]
[Date "2001.03.15"]
[Round "8"]
[White "Manole, Vasile"]
[Black "Moldovan, Daniel"]
[Result "1/2-1/2"]
[WhiteElo "2358"]
[BlackElo "2432"]
[PlyCount "22"]
[EventDate "2001.03.10"]
[EventType "swiss"]
[EventRounds "11"]
[EventCountry "ROU"]
[SourceTitle "EXT 2008"]
[Source "ChessBase"]
[SourceDate "2007.11.25"]
[SourceVersion "1"]
[SourceVersionDate "2007.11.25"]
[SourceQuality "1"]

1. e4 c5 2. Nf3 Nc6 3. Bb5 g6 4. 0-0 Bg7 5. Re1 Nf6 6. c3 0-0 7. d4 cxd4 8. Nxd4 d5 9. e5 Ne4 10. Nd2 Nxd2 11. Bxd2 Bd7 1/2-1/2

[Event "ROM-ch sf"]
[Site "Sovata"]
[Date "2001.03.11"]
[Round "2"]
[White "Manole, Vasile"]
[Black "Toma Andreica, Alin"]
[Result "1/2-1/2"]
[WhiteElo "2358"]
[BlackElo "2221"]
[PlyCount "97"]
[EventDate "2001.03.10"]
[EventType "swiss"]
[EventRounds "11"]
[EventCountry "ROU"]
[SourceTitle "EXT 2008"]
[Source "ChessBase"]
[SourceDate "2007.11.25"]
[SourceVersion "1"]
[SourceVersionDate "2007.11.25"]
[SourceQuality "1"]

1. e4 c5 2. Nc3 e6 3. f4 d5 4. Nf3 dxe4 5. Nxe4 Nf6 6. d3 Nc6 7. g3 Be7 8. Bg2 c4 9. Nxf6+ Bxf6 10. dxc4 Qb6 11. c3 0-0 12. Qe2 e5 13. fxe5 Nxe5 14. Nxe5 Bxe5 15. Be3 Qc7 16. 0-0 Be6 17. Bf4 Qc5+ 18. Qf2 Qxf2+ 19. Rxf2 Bxf4 20. Rxf4 Rac8 21. b3 b5 22. cxb5 Rxc3 23. Rd1 Rc7 24. Rfd4 g6 25. Kf2 Kg7 26. Bd5 Rc2+ 27. Ke3 Bxd5 28. Rxd5 Rxa2 29. R1d2 Re8+ 30. Kd3 Ra1 31. Rd7 Re6 32. Kc4 h5 33. Rf2 Rf6 34. Rxf6 Kxf6 35. b6 axb6 36. Rd6+ Ke5 37. Rxb6 Ra2 38. h4 f6 39. Rb5+ Ke4 40. Rb6 Rc2+ 41. Kb4 Kf5 42. Rd6 g5 43. Rd3 Kg4 44. hxg5 fxg5 45. Ka3 h4 46. gxh4 gxh4 47. Rd1 h3 48. b4 h2 49. Ka4 1/2-1/2

[Event "ROM-ch sf"]
[Site "Sovata"]
[Date "2001.03.10"]
[Round "1"]
[White "Baratosi, Daniel"]
[Black "Manole, Vasile"]
[Result "0-1"]
[WhiteElo "2086"]
[BlackElo "2358"]
[PlyCount "110"]
[EventDate "2001.03.10"]
[EventType "swiss"]
[EventRounds "11"]
[EventCountry "ROU"]
[SourceTitle "EXT 2008"]
[Source "ChessBase"]
[SourceDate "2007.11.25"]
[SourceVersion "1"]
[SourceVersionDate "2007.11.25"]
[SourceQuality "1"]

1. e4 e6 2. d4 d5 3. Nd2 Nf6 4. e5 Nfd7 5. Bd3 c5 6. c3 Nc6 7. Ne2 cxd4 8. cxd4 Nb6 9. 0-0 Bd7 10. Nf3 h6 11. a3 a5 12. b3 a4 13. b4 Rc8 14. h3 Na7 15. Nf4 Bb5 16. Nh5 Bxd3 17. Qxd3 Qc7 18. Be3 Qc2 19. Rfd1 Qxd3 20. Rxd3 Nb5 21. Ne1 g6 22. Nf4 h5 23. Ne2 Be7 24. Bd2 Kd7 25. Nc3 Nxc3 26. Bxc3 Rc4 27. Bb2 Rhc8 28. Rf3 Ke8 29. Kf1 Na8 30. Rd1 Nc7 31. g3 Nb5 32. Rdd3 Bg5 33. h4 Bh6 34. Rd1 b6 35. Rfd3 R8c7 36. f4 Kd7 37. R1d2 Bf8 38. Kf2 Be7 39. Ng2 Rc2 40. Ne3 Rxd2+ 41. Rxd2 Nc3 42. Kf3 Ne4 43. Rc2 Rxc2 44. Nxc2 Kc6 45. Ne3 Kb5 46. Bc1 f5 47. Bb2 Bxb4 48. axb4 Kxb4 49. Ke2 Kb3 50. Bc1 Kc3 51. Bd2+ Nxd2 52. Nd1+ Kc2 53. Ne3+ Kc1 54. Kd3 Ne4 55. Nc2 Kb2 0-1

[Event "Centrocoop June op-A"]
[Site "Eforie Nord"]
[Date "1999.06.??"]
[Round "?"]
[White "Manole, Vasile"]
[Black "Slovineanu, Viacheslav"]
[Result "1-0"]
[WhiteElo "2347"]
[BlackElo "2447"]
[PlyCount "87"]
[EventDate "1999.06.??"]
[EventType "swiss"]
[EventRounds "11"]
[EventCountry "ROU"]
[SourceTitle "EXT 2004"]
[Source "ChessBase"]
[SourceDate "2003.11.25"]
[SourceVersion "1"]
[SourceVersionDate "2003.11.25"]
[SourceQuality "1"]

1. e4 c6 2. d4 d5 3. Nc3 dxe4 4. Nxe4 Nf6 5. Ng3 h5 6. h4 Bg4 7. f3 Bc8 8. Bc4 e6 9. N1e2 Nbd7 10. c3 Be7 11. Bg5 a6 12. a4 b5 13. axb5 Nb6 14. Bd3 cxb5 15. Ne4 Bb7 16. Nc5 Bxc5 17. dxc5 Nbd5 18. b4 Qc7 19. Qc2 Nd7 20. 0-0 Ne5 21. Be4 Nc4 22. Qd3 f6 23. Nd4 Ke7 24. Rfe1 Ne5 25. Qd2 Rad8 26. Bf4 Kf7 27. Bh2 Rhe8 28. Re2 Qd7 29. Rae1 Nc4 30. Qc2 f5 31. Bxd5 Qxd5 32. Nxe6 Rxe6 33. Rxe6 Qxe6 34. Rxe6 Kxe6 35. Bf4 Bc6 36. Qe2+ Kf7 37. Bg5 Re8 38. Qd3 Kg6 39. Kh2 Re6 40. Kg3 Re8 41. Kf4 Re5 42. Qxc4 bxc4 43. Kxe5 Kf7 44. Kxf5 1-0

[Event "Centrocoop June op-A"]
[Site "Eforie Nord"]
[Date "1999.06.??"]
[Round "?"]
[White "Manole, Vasile"]
[Black "Svetushkin, Dmitry"]
[Result "0-1"]
[WhiteElo "2347"]
[BlackElo "2471"]
[PlyCount "112"]
[EventDate "1999.06.??"]
[EventType "swiss"]
[EventRounds "11"]
[EventCountry "ROU"]
[SourceTitle "EXT 2004"]
[Source "ChessBase"]
[SourceDate "2003.11.25"]
[SourceVersion "1"]
[SourceVersionDate "2003.11.25"]
[SourceQuality "1"]

1. e4 c6 2. Nc3 d5 3. Nf3 Bg4 4. h3 Bh5 5. Be2 e6 6. 0-0 Nf6 7. Ne5 Bxe2 8. Qxe2 Nbd7 9. Nxd7 Qxd7 10. d3 b5 11. Bf4 Bc5 12. Be5 Be7 13. Rad1 0-0 14. f4 c5 15. f5 b4 16. Nb1 Rfe8 17. Qf3 dxe4 18. dxe4 Qc6 19. Nd2 c4 20. Kh1 Rad8 21. Bxf6 Bxf6 22. e5 Qxf3 23. Nxf3 Be7 24. fxe6 fxe6 25. g4 Rf8 26. Kg2 h6 27. Rd4 Rxd4 28. Nxd4 Rd8 29. Nc6 Rd7 30. Nxe7+ Rxe7 31. Rf4 Rc7 32. Kf3 a5 33. c3 Rc5 34. Rd4 bxc3 35. bxc3 Rxe5 36. Rxc4 Kf7 37. Rc7+ Kf6 38. c4 Re1 39. Rc5 Rh1 40. Kg3 Rc1 41. a4 Rc3+ 42. Kg2 e5 43. h4 e4 44. g5+ hxg5 45. hxg5+ Kg6 46. Rxa5 Rxc4 47. Kg3 e3 48. Kf3 Re4 49. Ke2 Kh5 50. Ra7 g6 51. Ra5 Kg4 52. Rd5 Kf4 53. a5 Ra4 54. Rd6 Ra2+ 55. Ke1 Kxg5 56. Rd5+ Kf4 0-1